000 00394nam a2200145Ia 4500
008 200103s9999||||xx |||||||||||||| ||und||
020 _a0444418555,
040 _aIMU-MPC
082 _aColumn-58
100 _aGeyer, Richard A.
245 0 _aMarine Environmental Pollution, 2 Dumping and Mining
260 _bElsevier Scientific Publishing Company
_c1981
300 _axxi, 574
942 _cBK
999 _c10787
_d10787